NLSUI OPAC header image

The other half of the coconut (Record no. 20206)

MARC details
000 -LEADER
fixed length control field 00939nam a2200241Ia 4500
003 - CONTROL NUMBER IDENTIFIER
control field OSt
005 - DATE AND TIME OF LATEST TRANSACTION
control field 20260130064312.0
008 - FIXED-LENGTH DATA ELEMENTS--GENERAL INFORMATION
fixed length control field 160316s2003 xxu||||| |||| 00| 0 eng d
020 ## - INTERNATIONAL STANDARD BOOK NUMBER
International Standard Book Number 9788186706503
040 ## - CATALOGING SOURCE
Transcribing agency n
082 ## - DEWEY DECIMAL CLASSIFICATION NUMBER
Classification number 305.42 SRI
100 ## - MAIN ENTRY--PERSONAL NAME
Personal name Srilata K
245 ## - TITLE STATEMENT
Title The other half of the coconut
Remainder of title Women writing self-respect history , An anthology of self-respect literature 1928-1936/
Statement of responsibility, etc. K Srilata
260 ## - PUBLICATION, DISTRIBUTION, ETC.
Place of publication, distribution, etc. New Delhi :
Name of publisher, distributor, etc. Kali For Women ,
Date of publication, distribution, etc. 2003
300 ## - PHYSICAL DESCRIPTION
Extent 198p. ;
Dimensions xiii
365 ## - TRADE PRICE
Price amount Rs.300
505 ## - FORMATTED CONTENTS NOTE
Formatted contents note Contents: <br/>Sect. 1. Stories, treatises and essays by women self-respecters;<br/>sect. 2. The self-respect novel;<br/>App. Essays, speeches and letters by Periyar E.V. Ramasami Naicker
650 ## - SUBJECT ADDED ENTRY--TOPICAL TERM
Topical term or geographic name entry element Women's Movement - Self Respect - A History
650 ## - SUBJECT ADDED ENTRY--TOPICAL TERM
Topical term or geographic name entry element Self Respect Movement - Women - A Critique
650 ## - SUBJECT ADDED ENTRY--TOPICAL TERM
Topical term or geographic name entry element Self Respect - Collection - Essays - Fiction - 1928 - 1936
700 ## - ADDED ENTRY--PERSONAL NAME
Personal name
--
942 ## - ADDED ENTRY ELEMENTS (KOHA)
Source of classification or shelving scheme Dewey Decimal Classification
Koha item type BOOKs
Holdings
Withdrawn status Lost status Source of classification or shelving scheme Damaged status Not for loan Home library Current library Shelving location Date acquired Cost, normal purchase price Total Checkouts Total Renewals Full call number Barcode Date last seen Date last checked out Price effective from Koha item type
    Dewey Decimal Classification     . . General Stacks 30/05/2017 300.00 4 6 305.42 SRI 18351 11/07/2024 12/06/2024 30/05/2017 BOOKs